01340naa a22003377a 4500001001000000003000900010005001700019007000300036008003400039040005400073041000900127072000800136090001800144100002000162100001700182111006800199245005000267500019200317773014800509650002400657650002700681650001200708650002000720650001300740650001200753490004300765942001500808909004000823999001900863952012000882BR7801208BR-BrBNA20250721155545.0ta250630b bl.|||m| |||| 00| 0 por d aBR-BrBNAbporcBiblioteca Nacional de Agricultura a(Pt) aF25 aF25 BR78012081 avolkweiss, S.J.1 aRaij, B. van1 a4. Simposio sobre o CerradocBrasilia, DF (Brazil)d21 Jun 19761 aRetencao e disponibilidde de fosforo em solos a4. Simposio sobre o Cerrado: bases para utilizacao agropecuaria Ferri, M.G.(ed.) Belo Horizonte, MG (Brasil): Ed. Itatiaia, 1977. p. 317-332 [36 ref.; Summaries (En, Pt)] (BR7801208-AMS) 0 t4. Simposio sobre o Cerrado: bases para utilizacao agropecuariaaFerri, M.G.(ed.)wF25 BR7801208gBelo Horizonte, MG (Brasil), 1977. p. 317-332 aFertilidade do Solo aFertilizante Fosfatado aFosforo aDisponibilidade aAbsorcao aCerrado aReconquista do Brasil (Brazil)vno. 38 cAMS2AGRIS a202506bLúciac55dLúcia Elande c337223d337223 002AGRIS40708AGROBASEa41918b41918l0r2025-06-30t01yAMS10d2025-06-30ePortaria Interministerial nº 164/94